[Event "Dortmund3"]
[Site "Dortmund"]
[Date "2006.05.31"]
[Round "10"]
[White "Krajcarz, Andre"]
[Black "Nettbohl, Werner"]
[Result "1/2-1/2"]
[WhiteElo "1555"]
[BlackElo "1581"]
[PlyCount "108"]
[EventDate "2006.04.26"]
[EventType "tourn"]
[EventRounds "11"]
[EventCountry "GER"]
[SourceTitle "EXT 2007"]
[Source "ChessBase"]
[SourceDate "2006.11.23"]
[SourceVersion "1"]
[SourceVersionDate "2006.11.23"]
[SourceQuality "1"]

1. d4 d5 2. Nf3 Nf6 3. Bf4 e6 4. e3 Bd6 5. Bg3 b6 6. Bd3 Bb7 7. Nbd2 Nbd7 8. c3 Qe7 9. Qe2 c5 10. Bxd6 Qxd6 11. h3 h6 12. 0-0 0-0 13. Rfe1 Rac8 14. Ba6 Bxa6 15. Qxa6 Rc7 16. a3 Rfc8 17. Qd3 Nf8 18. Ne5 N6d7 19. Ndf3 Nxe5 20. Nxe5 Nd7 21. Nxd7 Qxd7 22. Re2 c4 23. Qc2 b5 24. e4 Rd8 25. Rae1 Qe7 26. exd5 Rxd5 27. Re5 Rcd7 28. Qe4 Qf6 29. Re3 Rxe5 30. Qxe5 Qxe5 31. Rxe5 Rd5 32. Rxd5 exd5 33. f4 f5 34. g4 Kf7 35. Kf2 Kf6 36. Kf3 g5 37. fxg5+ hxg5 38. gxf5 Kxf5 39. Kg3 a5 40. Kf3 Kg6 41. Kg4 Kf6 42. Kf3 Kf5 43. Kg3 Kg6 44. Kg4 Kf6 45. Kf3 Kf5 46. Ke3 Kg6 47. Kf3 Kh5 48. Kg3 a4 49. Kf3 Kh4 50. Kg2 g4 51. hxg4 Kxg4 52. Kf2 Kf4 53. Ke2 Ke4 54. Kd2 Kf3 1/2-1/2